Central Library OPAC University of Rajshahi

জীবনের জলসাঘরে / (Record no. 39498)

MARC details
000 -LEADER
fixed length control field 00879nam a2200241 a 4500
001 - CONTROL NUMBER
control field 39498
003 - CONTROL NUMBER IDENTIFIER
rucl marc code BD-RjUL
005 - DATE AND TIME OF LATEST TRANSACTION
control field 20211209053013.0
008 - FIXED-LENGTH DATA ELEMENTS--GENERAL INFORMATION
fixed length control field 160411r20142005ii a|||| |||| 00| 0 ben d
020 ## - INTERNATIONAL STANDARD BOOK NUMBER
International Standard Book Number 8177564412
Terms of availability : TK. 666.66
035 ## - SYSTEM CONTROL NUMBER
System control number (BD-RjUL)39611
040 ## - CATALOGING SOURCE
Original cataloging agency BD-RjUL
Language of cataloging ben
Transcribing agency BD-RjUL
041 ## - LANGUAGE CODE
Language code of text/sound track or separate title ben
082 ## - DEWEY DECIMAL CLASSIFICATION NUMBER
Edition number 23
Classification number 782.0092
Author mark and year DEJ 2014
100 ## - MAIN ENTRY--PERSONAL NAME
Personal name দে, মান্না
9 (RLIN) 121703
245 10 - TITLE STATEMENT
Title জীবনের জলসাঘরে /
Statement of responsibility, etc. মান্না দে ; অনুলেখক ড. গৌতম রায়
260 ## - PUBLICATION, DISTRIBUTION, ETC. (IMPRINT)
Place of publication, distribution, etc. কলকাতা :
Name of publisher, distributor, etc. আনন্দ,
Date of publication, distribution, etc. ২০১৪
300 ## - PHYSICAL DESCRIPTION
Pagination ৩৬৯ পৃ. :
Illustrations চিত্র ;
Size ২৫ সেমি.
650 ## - SUBJECT ADDED ENTRY--TOPICAL TERM
Topical term or geographic name as entry element গায়ক
General subdivision জীবনী
9 (RLIN) 121704
Topical term or geographic name as entry element Singer
General subdivision Biography
9 (RLIN) 121705
700 ## - ADDED ENTRY--PERSONAL NAME
Personal name রায়, গৌতম, অনুলেখক
942 ## - ADDED ENTRY ELEMENTS (KOHA)
Source of classification or shelving scheme Dewey Decimal Classification
Koha item type Books
Holdings
Lost status Source of classification or shelving scheme Damaged status Not for loan Collection code Permanent Location Current Location Shelving location Date acquired Source of acquisition Cost, normal purchase price Total Checkouts Full call number Date last seen Copy number Koha item type Date checked out
  Dewey Decimal Classification   Not For Loan Non-fiction Central Library, University of Rajshahi Central Library, University of Rajshahi Reading Room 22/06/2015 Batighor, Chittagong 666.66   B 782.0092 DEJ 2014 11/04/2016 C-1 Books  
  Dewey Decimal Classification     Non-fiction Central Library, University of Rajshahi Central Library, University of Rajshahi   22/06/2015 Batighor, Chittagong 666.66 1 B 782.0092 DEJ 2014 23/07/2019 C-2 Books 02/07/2019
  Dewey Decimal Classification     Non-fiction Central Library, University of Rajshahi Central Library, University of Rajshahi   22/06/2015 Batighor, Chittagong 666.66 1 B 782.0092 DEJ 2014 28/02/2018 C-3 Books 13/02/2018